000 00564nam a22002057a 4500
003 KOHA_MİRAKIL
005 20260406105010.0
008 260406b tu ||||| |||| 00| 0 tur d
020 _a9789752204379
040 _aTR-AnABB
_btur
_cTR-AnABB
041 _atur
082 _a956.1023
_bSİM 2012
100 1 _aŞimşir, Bilal N.
245 1 0 _aLozan günlüğü /
_cBilal N. Şimşir
260 _aİstanbul :
_bBilgi Yayınevi,
_c2012
300 _a725 sayfa ;
_c20 cm
500 _ayazar imzalı
650 0 4 _aTarih,Türkiye
942 _2ddc
_cBK
999 _c10161
_d10161
900 _bCem ÖZOGLU